Statistiques concernant Romans de Stephen King

Cliquez ici pour prendre le quiz!

Statistiques générales

  • Ce quiz a été pris 643 fois
  • Le résultat moyen est 18 sur 47

Statistiques - réponses

Date de parition en FranceTitre% Correct
1988Ça
97%
1979Shining, l'enfant lumière
86%
1976Carrie
84%
1984Christine
67%
1982Cujo
67%
1989Misery
67%
1985Simetierre
62%
1996La Ligne verte
61%
1991-2012La Tour sombre
56%
1977Salem
53%
2011Dôme
52%
1989Marche ou crève
52%
1981Le Fléau
49%
1991Le Fléau
49%
1993Jessie
45%
2015Mr. Mercedes
44%
2013Docteur Sleep
42%
1984Charlie
41%
1999Sac d'os
38%
1993Dolores Claiborne
36%
1989Les Tommyknockers
36%
2000La Petite Fille qui aimait Tom Gordon
33%
201322/11/63
32%
1992Bazaar
32%
1987La Peau sur les os
32%
2014Joyland
31%
1997Rose Madder
28%
1988Running Man
28%
2006Cellulaire
26%
1996Désolation
26%
2002Dreamcatcher
26%
1983Dead Zone
25%
1990Rage
24%
2015Revival
22%
1987Chantier
21%
2009Duma Key
21%
1990La Part des ténèbres
21%
2008Blaze
19%
2004Roadmaster
19%
1995Insomnie
18%
1995Les Yeux du dragon
18%
2007Histoire de Lisey
15%
1986L'Année du loup-garou
15%
1996Les Régulateurs
15%
1986Le Talisman
15%
2006Colorado Kid
10%
2002Territoires
6%

Distribution des résultats

Percentile par nombre de réponses

% des personnes avec chaque résultat

Votre développement - résultats

Vous n’avez pas pris ce quiz